000 00729nam a2200241 a 4500
999 _c8751
_d8751
001 8751
003 BD-JhCC
005 20180919122711.0
008 180303s1961 nyu 000 0 eng d
035 _a(BD-JhCC)8751
040 _aBD-JhCC
_cCarP
_dBD-JhCC
041 _aeng
050 0 0 _aPE1417
_b.C55
082 _bCHI 1961
_a808
100 1 _aChittick, Roger D. [from old catalog]
245 1 0 _aRhetoric for exposition /
_cRoger D. Chittick, Robert David Stevick,
260 _aNew York,
_bAppleton-Century-Crofts
_c[1961]
300 _a208 p.
_billus.
_c22 cm.
650 0 _aEnglish language
_xRhetoric.
700 1 _aStevick, Robert David,
_d1928- [from old catalog]
942 _2ddc
_cBK